| 000 | 01469nam a22001457a 4500 | ||
|---|---|---|---|
| 999 |
_c525082 _d525082 |
||
| 008 | 240209b ||||| |||| 00| 0 eng d | ||
| 100 |
_aBarman, Dhiraj _949783 |
||
| 245 | _aLand redevelopment, real estate and capital in urban place-making: A case study of Siliguri, India | ||
| 260 | _aEnvironment and Urbanization ASIA | ||
| 300 | _a14(2, Sep, 2023: p.318-331 | ||
| 520 | _aThe geographies of real estate, land redevelopment and capital play crucial roles in India’s contemporary urban place-making. There is a significant knowledge gap in understanding the role of real estate development and the linkages with capital, the pre-existing propertied business class, emerging markets, and associated aspects in the rapidly changing non-metropolitan, medium-sized cities’ (MSC) context. This study analyses urban transition in Siliguri, a fast-growing MSC in eastern India. Unlike the large megacities, real estate development here has witnessed a considerable capital shift in a speculative property market. Real estate growth is primarily led by the local business and propertied class that eventually emerged as developers. The efforts have resulted in urban place-making of newly built environments, consumption spaces and gated condos through the land redevelopment process. – Reproduced https://journals.sagepub.com/doi/abs/10.1177/09754253231193109 | ||
| 773 | _aEnvironment and Urbanization ASIA | ||
| 906 | _aURBAN DEVELOPMENT | ||
| 942 | _cAR | ||